The sling and the stone : on war in the 21st century / (Record no. 616831)

000 -LEADER
fixed length control field 00427nam a22001457a 4500
020 ## - INTERNATIONAL STANDARD BOOK NUMBER
Qualifying information PB.
040 ## - CATALOGING SOURCE
Transcribing agency FIZZA ISHAQ
082 ## - DEWEY DECIMAL CLASSIFICATION NUMBER
Classification number 355.0218
Author Mark HAM
100 ## - MAIN ENTRY--PERSONAL NAME
Personal name Hammes, Thomas X.
9 (RLIN) 133850
245 ## - TITLE STATEMENT
Title The sling and the stone : on war in the 21st century /
Statement of responsibility, etc. Thomas X Hammes.
250 ## - EDITION STATEMENT
Edition statement Revised.
260 ## - PUBLICATION, DISTRIBUTION, ETC.
Place of publication, distribution, etc. New York:
Name of publisher, distributor, etc. Zenith Press,
Date of publication, distribution, etc. 2013.
300 ## - PHYSICAL DESCRIPTION
Extent xiv, 321 pages. ;
Dimensions 5.51 x 1.57 x 7.87 inches
942 ## - ADDED ENTRY ELEMENTS (KOHA)
Source of classification or shelving scheme
Koha item type Book
Holdings
Withdrawn status Lost status Source of classification or shelving scheme Damaged status Not for loan Permanent Location Current Location Shelving location Date acquired Total Checkouts Full call number Barcode Date last seen Price effective from Koha item type
          NUST Baluchistan Campus (NBC) NUST Baluchistan Campus (NBC) General Stacks 04/03/2026   355.0218 HAM QD-993 04/03/2026 04/03/2026 Book
© 2023 Central Library, National University of Sciences and Technology. All Rights Reserved.